|
|
|
|
| LEADER |
01163nam a2200349 4500 |
| 001 |
000021016 |
| 003 |
17463 |
| 005 |
20150402090426.0 |
| 008 |
150402s2010 engsd |
| 020 |
|
|
|a 0071633448 (pbk. : alk. paper)
|a 9780071633444 (pbk. : alk. paper)
|
| 041 |
0 |
|
|a eng
|
| 082 |
0 |
0 |
|a 006.7|222
|b MA-M
|
| 100 |
1 |
|
|a Matthews, Martin S.
|
| 245 |
1 |
0 |
|a Dynamic web programming
|b a beginner's guide
|c Marty Matthews, John Cronan.
|
| 260 |
|
|
|a New York
|b McGraw-Hill
|c 2010
|
| 300 |
|
|
|a xvi, 352 p.
|b ill.
|c 23 cm.
|
| 500 |
|
|
|a Includes index
|
| 650 |
0 |
4 |
|a Web sites
|x Design
|
| 650 |
0 |
4 |
|a Web site development
|
| 653 |
|
|
|a Tin học
|
| 653 |
|
|
|a Computers
|
| 700 |
1 |
|
|a Cronan, John
|
| OWN |
|
|
|a LSP
|
| AVA |
|
|
|a UDN50
|b LSP
|d 006.7|222 MA-M
|e available
|t Error 5001 Not defined in file expand_doc_bib_avail.
|f 1
|g 0
|h N
|i 0
|k 1
|
| 999 |
|
|
|a From the UDN01
|
| AVA |
|
|
|a UDN50
|b LSP
|d 006.7|222 MA-M
|e available
|t Error 5001 Not defined in file expand_doc_bib_avail.
|f 1
|g 0
|h N
|i 0
|k 1
|
| TYP |
|
|
|a Monograph
|
| TYP |
|
|
|a Printed language
|
| 980 |
|
|
|a Mạng thư viện Đại học Đà Nẵng
|